Albums Rap Français les plus écoutés - Statistiques

Statistiques générales
  • Ce quiz a été pris 199 fois
  • Le résultat moyen est 5 sur 10
Statistiques - réponses
Question Réponse % Correct
🥉Ninho Destin
88%
🥇PNL Deux frères
74%
5️⃣ Damso Ipséité
61%
🥈PNL Dans la légende
56%
1️⃣0️⃣ Gazo KMT
44%
4️⃣ Nekfeu Les étoiles vagabondes
37%
7️⃣ Ninho M.I.L.S 3
37%
8️⃣ Damso QALF Infinity
37%
9️⃣ Orelsan La fête est finie
32%
6️⃣ GIMS Mon coeur avait raison
28%
Aucun quiz correspondant
Distribution des résultats
% des personnes avec chaque résultat
Percentile par nombre de réponses
Votre historique - résultats
Vous n’avez pas pris ce quiz